Hollywood Burbank Airport Destinations (Burbank, CA, USA) - Statistics

General Stats
  • This quiz has been taken 105 times
    53 since last reset
  • The average score is 25 of 38
Answer Stats
Airline Destination % Correct
JSX/Southwest Airlines/Spirit Airlines Las Vegas
95%
Alaska Airlines/Frontier Airlines/United Airlines/United Express San Francisco
95%
Alaska Airlines Seattle/Tacoma
95%
Delta Air Lines Atlanta
92%
American Airlines Dallas/Fort Worth
92%
Southwest Airlines Dallas (Love)
92%
Southwest Airlines Chicago (Midway)
89%
Frontier Airlines/Southwest Airlines/United Airlines Denver
89%
JSX Denver (Rocky Mountain)
89%
JetBlue New York (JFK)
89%
American Airlines/American Eagle/Frontier Airlines/Southwest Airlines Phoenix (Sky Harbor)
89%
Southwest Airlines San Jose (CA)
89%
Southwest Airlines Houston (Hobby)
86%
JSX/Southwest Airlines/Spirit Airlines Oakland
86%
Alaska Airlines/Southwest Airlines Portland (OR)
86%
Southwest Airlines Austin
81%
Southwest Airlines Sacramento
81%
Delta Air Lines/Delta Connection/JSX/Southwest Airlines Salt Lake City
81%
Southwest Airlines San Antonio
81%
JSX/Southwest Airlines Reno/Tahoe
73%
Southwest Airlines Albuquerque
70%
Alaska Airlines/Southwest Airlines Boise
70%
Southwest Airlines St. Louis
68%
Southwest Airlines Kansas City
65%
Southwest Airlines Nashville
62%
Alaska Airlines/Avelo Airlines Santa Rosa
49%
Avelo Airlines/Southwest Airlines Eugene
46%
Avelo Airlines Redmond/Bend
43%
Avelo Airlines Medford
41%
JSX Monterey
32%
Avelo Airlines Salem
32%
JSX Concord (CA)
30%
JSX Scottsdale
30%
Avelo Airlines Glacier Park/Kalispell
22%
JSX Taos
22%
Avelo Airlines Tri-Cities (WA)
22%
Avelo Airlines Eureka
19%
JSX Napa
19%
No matching quizzes found
Score Distribution
Percent of People with Each Score
Percentile by Number Answered
Your Score History
You have not taken this quiz since the last reset